000 00883pam a2200277 a 4500
001 4886716
003 OSt
005 20211013150253.0
008 930715s1994 maua 001 0 eng
010 _a 93005842
020 _a0534937624 (acidfree)
040 _aDDC
_cHU
_dDLC
050 0 0 _aQA152.2
_b.W438 1994
082 0 0 _a512.9/WEL
_220
100 1 _aWeltman, Dennis.
_913349
245 1 0 _aBeginning algebra /
_cDennis Weltman, Gilbert Perez.
250 _a2nd ed.
260 _aBoston, MA :
_bPWS,
_cc1994.
300 _axxi, 633 p. :
_bill. ;
_c27 cm.
500 _aIncludes index.
650 0 _aAlgebra.
700 1 _aPerez, Gilbert.
_913350
906 _a7
_bcbc
_corignew
_d1
_eocip
_f19
_gy-gencatlg
942 _2ddc
_cBOOKS
_n0
999 _c12468
_d12468